Score 0/47 Timer 05:00
12 Plays Today
% Correct
Moscow,
Russia
89.7%
London,
United Kingdom
89.6%
Paris,
France
89.3%
Rome,
Italy
89.1%
Berlin,
Germany
88.7%
Madrid,
Spain
88.6%
Dublin,
Ireland
88.4%
Athens,
Greece
87.8%
Lisbon,
Portugal
86.6%
Stockholm,
Sweden
86.1%
Reykjavík,
Iceland
85.9%
Warsaw,
Poland
85.4%
Oslo,
Norway
85.1%
Amsterdam,
Netherlands
84.9%
Brussels, Belgium
84.3%
Copenhagen,
Denmark
83.7%
Helsinki,
Finland
83%
Ankara,
Turkey
81.6%
Vatican City
81%
Kyiv,
Ukraine
80.6%
Luxembourg
80.4%
Bern,
Switz.
80.2%
Andorra la Vella,
Andorra
79.8%
Vienna,
Austria
79.3%
% Correct
Monaco
79%
Prague,
Czechia
76.7%
Minsk,
Belarus
74.8%
San Marino
73.8%
Budapest,
Hungary
71.7%
Bucharest,
Romania
70.5%
Tallinn,
Estonia
68.8%
Zagreb, Croatia
67.5%
Sofia, Bulgaria
67.4%
Riga, Latvia
66.8%
Vilnius,
Lithuania
65.3%
Nicosia, Cyprus
65.3%
Bratislava,
Slovakia
63.6%
Sarajevo,
Bosnia and Herzegovina
63.6%
Chisinau,
Moldova
61.3%
Belgrade,
Serbia
60.3%
Valletta, Malta
59.6%
Tirana,
Albania
59.5%
Ljubljana, Slovenia
59.1%
Skopje,
North Macedonia
53.6%
Pristina,
Kosovo
53.1%
Podgorica,
Montenegro
52.2%
Vaduz,
Liecht.
50.9%
Remove Ads.
Support Sporcle.
Get the best of Sporcle when you Go Orange. This ad-free experience offers more features, more stats, and more fun while also helping to support Sporcle. Thank you for becoming a member.

You're not logged in!

Compare scores with friends on all Sporcle quizzes.
OR
Log In

Show Comments

Extras

Top Quizzes Today


Score Distribution

Your Account Isn't Verified!

In order to create a playlist on Sporcle, you need to verify the email address you used during registration. Go to your Sporcle Settings to finish the process.

Report this User

Report this user for behavior that violates our Community Guidelines.

Details: